00846nam a2200277uu 4500001000800000005001700008008004100025020001800066035001200084035002100096040001300117041000800130082000800138100003400146245007700180260004300257300001800300650003400318650004200352650002200394650002300416650002900439650002700468650004200495650003100537109449620260507083819.0080730s2007 spa  a9788483223765 a1094496 a(OCoLC)777013962 ccomduadb aspa 4a37010aSaez Carreras, Juan4edteedt10aPedagogia social y educacion social : historia, profesion y competencias aBarcelona :bPearson Education,c2007. a400 páginas 7aEducación comunitaria2lemb 7aSociología de la educación2embne 7aPedagogía2lemb aPedagogía social aCompetencias del docente aPráctica profesional 7aSociología de la educación2embne 7aPolítica educativa2lemb